000 00262nam a2200109Ia 4500
008 200302s9999 xx 000 0 und d
100 _aDon Vandervort & Other
245 _aChildren's Play Areas
260 _bSunset Books Inc.
260 _c1998
300 _a128 P.,
999 _c1738
_d1738